000 00735cab a22002055a 4500
001 L152325
008 110215e20110115xxk 000 0 eng d
035 _a(Sirsi) u152325
041 0 _aeng
100 1 _aMclean, Simon
245 0 0 _aHorticultural menace
260 _c2011
490 _aEstates Gazette
_v(1102) 15 January 2011, 70-71(2)
520 _aJapanese knotweed and the numerous problems it can cause. Information about its spread and possible methods of statutory control and advice about the viability of land where it is growing.
590 _aKA
650 2 4 _aENVIRONMENTAL PROTECTION ACT 1990
651 4 _aUnited Kingdom
_y
690 _aENVIRONMENTAL AND LAND CONSULTANCY-ENVIRONMENTAL MANAGEMENT
942 _n0
999 _c82938
_d82938